02222cam a22002775a 45000010009000000050017000090080041000260200025000670200022000920400068001140820020001821000031002022450079002332500012003122600072003243000033003965000024004295040041004535201045004946500031015396530042015709420008016129990017016209520150016379520157017871827144520160202111341.0140818s2014 enka frb 001 0 eng d a9780123972705 (hbk.) a0123972701 (hbk.) aUKMGBbengcUKMGBdOCLCOdYDXCPdS4SdCUIdOCLCFdDLCdEG-ScBUE04a621.47222bKAL1 aKalogirou, Soteris.92254510aSolar energy engineering :bprocesses and systems /cSoteris A. Kalogirou. a2nd ed. aOxford ;aWaltham ;aSan Diego :bAcademic Press / Elsevier,c2014. axx, 819 p. :bill. ;c25 cm. aIndex : p. 813-819. aIncludes bibliographical references.8 aAnnotationbSolar Energy Engineering: Processes and Systems covers all areas of solar energy engineering, from the fundamental level to the highest level of current research. The book includes subjects such as: Energy-related environmental problemsSolar collectorsSolar water heating, space heating and coolingIndustrial process heatSolar desalinationPhotovoltaicsSolar thermal power systems The book also covers modeling of solar energy systems, including the use of artificial intelligence in modeling and performance prediction. With the threat of global warming and the gradual depletion of petroleum supplies, solar electric power is rapidly becoming a significant part of our energy mix. This book will be a valuable resource for mechanical, electrical and chemical engineers as well as academics, energy consulting companies, and solar energy companies. Environmental consequences of solar energySolar desalination including indirect systemsModeling and performance prediction of solar energy systemsWorked examples and case studies. 7aSolar energy.2BUEsh95597 bENGMECbENGGENcJune2015cJanuary2016 2ddc c19483d19455 00102ddc40708BaccahaMAINbMAINc1STd2015-06-04epurchaseg550.00l6m61o621.47 KALp000038389r2025-07-15 00:00:00s2018-10-11v688.00yBB 00102ddc40708AlahramaMAINbMAINc1STd2015-06-29ePurchaseg835.00h299l7m56o621.47 KALp000038867r2025-07-15 00:00:00s2021-02-21v1043.75yBB